Dial Drunk - Noah Kahan (All Lyrics) - Statistics

General Stats
  • This quiz has been taken 139 times
  • The average score is 356 of 435
Answer Stats
Lyrics % Correct
I
99%
(I
99%
a
98%
you
98%
you,
98%
For
96%
for
96%
and
95%
And
95%
drunk
95%
drunk,
95%
the
95%
me
94%
to
94%
dial
93%
In
91%
in
91%
my
91%
So
91%
your
91%
do
90%
it,
90%
it
90%
no
90%
call
89%
die
89%
I'd
89%
I'll
89%
be?
88%
be
88%
all
86%
that
86%
that,
86%
I'm
85%
know
85%
know)
85%
of
85%
name
84%
were
84%
ain't
83%
hangin'
83%
it's
83%
It's
83%
up
83%
But
81%
cops
81%
is
81%
I've
81%
Even
80%
proud
80%
punches
80%
thought
80%
thrown
80%
just
79%
alone
78%
as
78%
longer
78%
someone
78%
wrong
78%
bein'
77%
they
77%
alcohol
75%
car
75%
don't
75%
emergency
75%
gave
75%
give
75%
phone
75%
let
74%
now
74%
with
74%
blood
73%
like
73%
back
72%
cell
72%
forget
72%
Honey,
72%
rang
72%
shame
72%
this
72%
when
72%
young,
72%
are
70%
radio
70%
threw
70%
tone
70%
have
69%
out
69%
"Son,
69%
yourself?"
69%
burnouts
68%
callin'
68%
lights
68%
rememberin'
68%
rot
68%
she'll
68%
Traffic
68%
why
68%
any
67%
change
67%
sir,
67%
swear
67%
used
67%
Am
65%
danger
65%
rainin'
65%
transmitter
65%
man
64%
wait,
64%
about
63%
flag
63%
promised
63%
faith,
62%
Fuck
62%
said
62%
half
60%
kiss
60%
medicine
60%
same
60%
still?
60%
perspective
59%
praise
59%
doubt
58%
drownin'
58%
badge
56%
whatever
56%
beg
54%
from
54%
From
54%
anyways
53%
honest
53%
takin'
53%
pain
52%
you'd
52%
recognize
51%
charmin'
49%
fault
49%
parts
49%
alarmin'
48%
morning,
48%
seconds
48%
that's
41%
bedridden,
40%
metastasize
38%
untetherin'
37%
Well,
28%
Let's
23%
No matching quizzes found
Score Distribution
Percent of People with Each Score
Percentile by Number Answered
Your Score History
You have not taken this quiz